000 00293nam a22001337a 4500
008 180823b xxu||||| |||| 00| 0 eng d
020 _a9780071746267
041 _aeng
080 _a615
100 _a5
101 _aFAR
245 _aPHARMACOTHERAPY CASESBOOK
_cTERRY,L,S
942 _2udc
_cBK
999 _c47277
_d47277